书目信息 |
| 题名: |
刑事技术教程
|
|
| 作者: | 奚居仁 主编 | |
| 分册: | ||
| 出版信息: | 合肥 安徽大学出版社 2009.02 |
|
| 页数: | 317页 | |
| 开本: | 28cm | |
| 丛书名: | ||
| 单 册: | ||
| 中图分类: | D918.2 | |
| 科图分类: | ||
| 主题词: | 刑事侦查--xing shi zhen cha--技术--教材 | |
| 电子资源: | ||
| ISBN: | 978-7-81110-543-8 | |
| 000 | 00780nam0 2200241 450 | |
| 001 | 012009458931 | |
| 005 | 20090918164819.65 | |
| 010 | @a978-7-81110-543-8@dCNY37.00 | |
| 100 | @a20090918d2009 em y0chiy0120 ea | |
| 101 | 0 | @achi |
| 102 | @aCN@b340000 | |
| 105 | @aa a 000yy | |
| 106 | @ar | |
| 200 | 1 | @a刑事技术教程@Axing shi ji shu jiao cheng@f奚居仁主编@Fxi ju ren zhu bian |
| 210 | @a合肥@c安徽大学出版社@d2009.02 | |
| 215 | @a317页@c图@d28cm | |
| 320 | @a有书目 (第316-317页) | |
| 330 | @a本书包括痕迹检验技术、文件检验技术、刑事照相技术、法医检验技术和理化检验技术五章内容。 | |
| 606 | 0 | @a刑事侦查@Axing shi zhen cha@x技术@j教材 |
| 690 | @aD918.2@v4 | |
| 701 | 0 | @a奚居仁@Axi ju ren@4主编 |
| 801 | 0 | @aCN@bQSSK@c20090918 |
| 905 | @b756126-28@dD918.2@eX139@f3 | |
| 刑事技术教程/奚居仁主编.-合肥:安徽大学出版社,2009.02 |
| 317页:图;28cm |
| ISBN 978-7-81110-543-8:CNY37.00 |
| 本书包括痕迹检验技术、文件检验技术、刑事照相技术、法医检验技术和理化检验技术五章内容。 |
| ● |
| 相关链接 |
|
|
|
正题名:刑事技术教程
索取号:D918.2/X139
 
预约/预借
| 序号 | 登录号 | 条形码 | 馆藏地/架位号 | 状态 | 备注 |
| 1 | 756126 | 207561262 | 社科库509/509社科库 82排7列4层/ [索取号:D918.2/X139] | 在馆 | |
| 2 | 756127 | 207561271 | 社科库509/509社科库 82排7列4层/ [索取号:D918.2/X139] | 在馆 | |
| 3 | 756128 | 207561280 | 社科库509/509社科库 82排7列4层/ [索取号:D918.2/X139] | 在馆 |